Laghusiddhāntakaumudī. (Record no. 68161)

MARC details
000 -LEADER
fixed length control field 01124cam a22003131 4500
001 - CONTROL NUMBER
control field sa 66002122
003 - CONTROL NUMBER IDENTIFIER
control field DLC
005 - DATE AND TIME OF LATEST TRANSACTION
control field 20260227112226.0
008 - FIXED-LENGTH DATA ELEMENTS--GENERAL INFORMATION
fixed length control field 900227m19659999ii b 000 0 sano
010 ## - LIBRARY OF CONGRESS CONTROL NUMBER
LC control number sa 66002122
035 ## - SYSTEM CONTROL NUMBER
System control number (OCoLC)21129686
040 ## - CATALOGING SOURCE
Original cataloging agency DLC
Transcribing agency WaU
Modifying agency DLC
041 0# - LANGUAGE CODE
Language code of text/sound track or separate title sanhin
042 ## - AUTHENTICATION CODE
Authentication code premarc
050 00 - LIBRARY OF CONGRESS CALL NUMBER
Classification number PK513
Item number .V32
100 0# - MAIN ENTRY--PERSONAL NAME
Personal name Varadarāja,
Dates associated with a name active 17th century.
245 10 - TITLE STATEMENT
Title Laghusiddhāntakaumudī.
260 ## - PUBLICATION, DISTRIBUTION, ETC.
Date of publication, distribution, etc. 1965-
300 ## - PHYSICAL DESCRIPTION
Extent v.
Dimensions 23 cm.
440 #0 - SERIES STATEMENT/ADDED ENTRY--TITLE
Title Vidyabhawan Sanskrit granthamala ;
Volume/sequential designation 131
500 ## - GENERAL NOTE
General note Added t.p. in English.
500 ## - GENERAL NOTE
General note In Sanskrit; foreword in English; introd., commentary and notes in Hindi.
500 ## - GENERAL NOTE
General note The Laghusiddhāntakaumudī by Varadarāja is based on the Siddhāntakaumudī by Bhaṭṭojī Dīkṣita, which is in turn a commentary on Pāṇini's Aṣṭādhyāyī.
504 ## - BIBLIOGRAPHY, ETC. NOTE
Bibliography, etc. note Bibliographical footnotes.
650 #0 - SUBJECT ADDED ENTRY--TOPICAL TERM
Topical term or geographic name entry element Sanskrit language
General subdivision Grammar.
700 0# - ADDED ENTRY--PERSONAL NAME
Personal name Pāṇini.
Title of a work Aṣṭādhyāyī.
700 0# - ADDED ENTRY--PERSONAL NAME
Personal name Bhaṭṭojī Dīkṣita.
Title of a work Siddhāntakaumudī.
700 1# - ADDED ENTRY--PERSONAL NAME
Personal name Kushwaha, M. S.
Fuller form of name (Mahesh Singh),
Dates associated with a name 1938-
Title of a work Maheśvarī.

No items available.

Powered by Koha